[Event "NOR-ch"]
[Site "Oslo"]
[Date "2021.07.08"]
[Round "7"]
[White "Ranaldi, Lucas"]
[Black "Esbensen, Arnt"]
[Result "1-0"]
[WhiteElo "2329"]
[BlackElo "2172"]
[PlyCount "71"]
[EventDate "2021.07.02"]
[EventType "swiss"]
[EventRounds "9"]
[EventCountry "NOR"]
[SourceTitle "CBM 203 Extra"]
[Source "ChessBase"]
[SourceDate "2021.09.30"]
[SourceVersion "1"]
[SourceVersionDate "2021.09.30"]
[SourceQuality "1"]

1. d4 d5 2. c4 e6 3. Nc3 Nf6 4. cxd5 exd5 5. Bg5 Be7 6. e3 c6 7. Bd3 Nbd7 8. Qc2 h6 9. Bh4 0-0 10. Nge2 Re8 11. 0-0 Ne4 12. Bxe7 Qxe7 13. Bxe4 dxe4 14. d5 f5 15. Rfd1 Ne5 16. Nd4 Bd7 17. dxc6 bxc6 18. Na4 Nd3 19. Ne2 Rab8 20. b3 Rb5 21. Nf4 Ne5 22. Qd2 g5 23. Ng6 Nxg6 24. Qxd7 Ne5 25. Qd6 Kg7 26. Rac1 Qxd6 27. Rxd6 Re7 28. Nc5 Rb6 29. Ne6+ Kh7 30. Nd4 Rf7 31. Rc5 Ng6 32. Nxf5 Ra6 33. a4 Rb6 34. Nd4 Ne7 35. h3 Rb7 36. Re6 1-0

[Event "NOR-ch"]
[Site "Oslo"]
[Date "2021.07.04"]
[Round "3"]
[White "Amar, Elham"]
[Black "Esbensen, Arnt"]
[Result "1-0"]
[WhiteElo "2338"]
[BlackElo "2172"]
[PlyCount "61"]
[EventDate "2021.07.02"]
[EventType "swiss"]
[EventRounds "9"]
[EventCountry "NOR"]
[SourceTitle "CBM 203 Extra"]
[Source "ChessBase"]
[SourceDate "2021.09.30"]
[SourceVersion "1"]
[SourceVersionDate "2021.09.30"]
[SourceQuality "1"]

1. e4 e5 2. Nc3 Nf6 3. Bc4 Nxe4 4. Qh5 Nd6 5. Bb3 g6 6. Qxe5+ Qe7 7. d4 Nc6 8. Qxe7+ Bxe7 9. Nf3 0-0 10. Bf4 Ne8 11. 0-0-0 Kg7 12. h4 h5 13. Rhe1 Bd8 14. a3 d6 15. d5 Ne7 16. Ng5 Nf5 17. g3 Bd7 18. Nce4 Nf6 19. Bd2 Nxe4 20. Nxe4 Be7 21. c4 Rae8 22. Bc3+ f6 23. Ng5 Bd8 24. Ne6+ Bxe6 25. dxe6 Be7 26. Bc2 Nh6 27. Rd5 Ng4 28. Rg5 Rg8 29. Rxg6+ Kh8 30. f3 Nh2 31. Rh6+ 1-0

[Event "NOR-ch"]
[Site "Oslo"]
[Date "2021.07.03"]
[Round "2"]
[White "Esbensen, Arnt"]
[Black "Lund, Gunnar"]
[Result "0-1"]
[WhiteElo "2172"]
[BlackElo "2312"]
[PlyCount "100"]
[EventDate "2021.07.02"]
[EventType "swiss"]
[EventRounds "9"]
[EventCountry "NOR"]
[SourceTitle "CBM 203 Extra"]
[Source "ChessBase"]
[SourceDate "2021.09.30"]
[SourceVersion "1"]
[SourceVersionDate "2021.09.30"]
[SourceQuality "1"]

1. d4 Nf6 2. Bf4 d5 3. e3 c5 4. c3 Nc6 5. Nd2 e6 6. Ngf3 cxd4 7. exd4 Nh5 8. Be3 Bd6 9. Ne5 g6 10. Nd3 0-0 11. Be2 Ng7 12. 0-0 Nf5 13. Bf4 f6 14. Bf3 Kg7 15. Re1 Qc7 16. Bg3 h5 17. Bxd6 Qxd6 18. Qb3 b6 19. Rad1 Bd7 20. g3 h4 21. Bg2 hxg3 22. hxg3 Rh8 23. Nf1 Rh6 24. Ne3 Nxe3 25. Rxe3 Ne7 26. Qb4 Qxb4 27. Nxb4 Nf5 28. Ree1 Rd8 29. Bf3 Rhh8 30. Bg4 Rhe8 31. Bxf5 gxf5 32. Nd3 Bb5 33. Nf4 Kf7 34. Kg2 Bc6 35. Rh1 Rh8 36. Rde1 Bd7 37. f3 Bc8 38. Rh4 Bd7 39. Kf2 Bc8 40. Reh1 Rxh4 41. gxh4 e5 42. Nd3 Ba6 43. Nb4 Bb5 44. Re1 exd4 45. cxd4 f4 46. Rc1 a5 47. Rc7+ Kg6 48. Nc2 Re8 49. Kg1 Re2 50. Rc3 Kh5 0-1

[Event "NOR-ch"]
[Site "Oslo"]
[Date "2021.07.02"]
[Round "1"]
[White "Hobber, Anders"]
[Black "Esbensen, Arnt"]
[Result "1-0"]
[WhiteElo "2404"]
[BlackElo "2172"]
[PlyCount "105"]
[EventDate "2021.07.02"]
[EventType "swiss"]
[EventRounds "9"]
[EventCountry "NOR"]
[SourceTitle "CBM 203 Extra"]
[Source "ChessBase"]
[SourceDate "2021.09.30"]
[SourceVersion "1"]
[SourceVersionDate "2021.09.30"]
[SourceQuality "1"]

1. d4 d5 2. Nf3 Nf6 3. c3 Bf5 4. Qb3 Qc8 5. Nh4 Bd7 6. Bf4 c5 7. e3 Nc6 8. Be2 h6 9. Nf3 c4 10. Qd1 b5 11. Ne5 Bf5 12. Nd2 e6 13. Bf3 Nxe5 14. Bxe5 Qc6 15. Bxf6 gxf6 16. 0-0 Bd3 17. Re1 f5 18. Be2 Bxe2 19. Qxe2 h5 20. f3 Bh6 21. Rad1 0-0-0 22. e4 dxe4 23. fxe4 Bxd2 24. Rxd2 fxe4 25. Qxe4 Qxe4 26. Rxe4 Rd5 27. Rf2 Rh7 28. Rfe2 Rg7 29. h4 a6 30. Re5 Rg4 31. Rxd5 exd5 32. Re5 Rxh4 33. Rxd5 Re4 34. Kf2 Kc7 35. Rf5 Re7 36. Rxh5 Kb6 37. Rh6+ Kb7 38. Rf6 a5 39. a3 a4 40. Rf3 Kb6 41. Re3 Rd7 42. g4 Rd6 43. Rf3 f6 44. Rf5 Re6 45. d5 Re4 46. Rxf6+ Kc5 47. Kf3 Re1 48. Re6 Rf1+ 49. Kg2 Rd1 50. Re2 Rd3 51. Kh2 Kxd5 52. g5 b4 53. g6 1-0

[Event "NOR-ch Master"]
[Site "Larvik"]
[Date "2019.07.11"]
[Round "7"]
[White "Sorgjerd, Jan"]
[Black "Esbensen, Arnt"]
[Result "0-1"]
[WhiteElo "2033"]
[BlackElo "2153"]
[PlyCount "130"]
[EventDate "2019.07.05"]
[EventType "swiss"]
[EventRounds "9"]
[EventCountry "NOR"]
[SourceTitle "EXT 2024"]
[Source "ChessBase"]
[SourceDate "2023.10.10"]
[SourceVersion "1"]
[SourceVersionDate "2023.10.10"]
[SourceQuality "1"]

1. d4 d5 2. Nf3 Nf6 3. c4 e6 4. Nc3 Be7 5. Bf4 0-0 6. e3 b6 7. cxd5 Nxd5 8. Bg3 Bb7 9. Be2 Nd7 10. 0-0 c5 11. Rc1 a6 12. Ne5 cxd4 13. Nxd5 Bxd5 14. Nxd7 Qxd7 15. Qxd4 Bc5 16. Qd2 Qe7 17. a3 Rfd8 18. Qc3 Qb7 19. b4 Bf8 20. f3 Rac8 21. Qb2 b5 22. Rfd1 Qb6 23. Bf2 Bc4 24. e4 Rxd1+ 25. Rxd1 Qc7 26. Bg3 Qe7 27. Rc1 a5 28. Be1 axb4 29. axb4 Qg5 30. Bd2 Qd8 31. Be1 h6 32. g3 h5 33. Bxc4 bxc4 34. Bc3 h4 35. Kg2 Qd3 36. Qd2 h3+ 37. Kf2 Rd8 38. Rd1 Qxd2+ 39. Rxd2 Ra8 40. g4 Ra3 41. Rc2 Rb3 42. Kg3 Bxb4 43. Bxb4 Rxb4 44. Kxh3 Kf8 45. Kg3 Ke7 46. e5 Kd7 47. Kf4 Kc6 48. Ke4 Kc5 49. h4 Rb1 50. Rd2 Re1+ 51. Kf4 c3 52. Rd8 Kc4 53. Rc8+ Kd3 54. Rd8+ Ke2 55. Rc8 Rc1 56. h5 Kd2 57. Rd8+ Kc2 58. g5 Rd1 59. Rc8 Rh1 60. Kg4 Kd2 61. Rd8+ Kc1 62. Rh8 c2 63. h6 gxh6 64. gxh6 Kd2 65. Rd8+ Ke3 0-1

[Event "NOR-ch Master"]
[Site "Larvik"]
[Date "2019.07.07"]
[Round "3"]
[White "Skagseth, Havard M"]
[Black "Esbensen, Arnt"]
[Result "1-0"]
[WhiteElo "2002"]
[BlackElo "2153"]
[PlyCount "101"]
[EventDate "2019.07.05"]
[EventType "swiss"]
[EventRounds "9"]
[EventCountry "NOR"]
[SourceTitle "EXT 2024"]
[Source "ChessBase"]
[SourceDate "2023.10.10"]
[SourceVersion "1"]
[SourceVersionDate "2023.10.10"]
[SourceQuality "1"]

1. e4 e5 2. Nf3 Nf6 3. Nxe5 d6 4. Nf3 Nxe4 5. Nc3 Nxc3 6. dxc3 Nc6 7. Be3 Be7 8. Qd2 Bg4 9. Be2 Qd7 10. 0-0-0 Rb8 11. Kb1 0-0 12. Nd4 Bxe2 13. Qxe2 a6 14. Nxc6 bxc6 15. Bd4 Rfe8 16. Qd3 a5 17. c4 Bf8 18. Bc3 a4 19. h4 Qg4 20. h5 Re6 21. g3 Qe4 22. Rhe1 Qg4 23. Rh1 Rbe8 24. Rh4 Qe2 25. Qxe2 Rxe2 26. Bd4 R2e4 27. Rxe4 Rxe4 28. b3 a3 29. Be3 f5 30. Bc1 Re2 31. Be3 d5 32. Rh1 Bb4 33. Kc1 Re1+ 34. Rxe1 Bxe1 35. Bc5 Kf7 36. Kd1 Bc3 37. Bxa3 f4 38. Ke2 fxg3 39. fxg3 Kf6 40. cxd5 cxd5 41. Bc5 Ke6 42. b4 Kd7 43. a4 Kc6 44. g4 g6 45. Kd3 Be1 46. c3 Bg3 47. Be3 Kb7 48. b5 c6 49. c4 dxc4+ 50. Kxc4 Bd6 51. a5 1-0

[Event "NOR-ch Master"]
[Site "Larvik"]
[Date "2019.07.06"]
[Round "2"]
[White "Esbensen, Arnt"]
[Black "Kvam, Audun"]
[Result "1/2-1/2"]
[WhiteElo "2153"]
[BlackElo "2017"]
[PlyCount "111"]
[EventDate "2019.07.05"]
[EventType "swiss"]
[EventRounds "9"]
[EventCountry "NOR"]
[SourceTitle "EXT 2024"]
[Source "ChessBase"]
[SourceDate "2023.10.10"]
[SourceVersion "1"]
[SourceVersionDate "2023.10.10"]
[SourceQuality "1"]

1. d4 d5 2. c4 e5 3. dxe5 d4 4. Nf3 Nc6 5. g3 Nge7 6. Bg2 Ng6 7. Bg5 Qd7 8. 0-0 h6 9. Bc1 Ngxe5 10. Nbd2 Be7 11. a3 a5 12. Qa4 0-0 13. b4 d3 14. exd3 Qxd3 15. b5 Nxf3+ 16. Nxf3 Nd8 17. Rd1 Qg6 18. Nd4 Bc5 19. Bb2 Bf5 20. Nxf5 Qxf5 21. Rd2 Ne6 22. Qc2 Qxc2 23. Rxc2 Rab8 24. Rd1 b6 25. Bd5 Rbd8 26. Rcd2 Bd6 27. Bxe6 fxe6 28. Be5 Be7 29. Rd7 Rxd7 30. Rxd7 Bf6 31. Bxf6 Rxf6 32. Rxc7 Rf3 33. Rc6 Rxa3 34. Rxb6 Rc3 35. Rc6 a4 36. b6 Rb3 37. c5 a3 38. Rc8+ Kf7 39. Ra8 Ke7 40. Ra7+ Kd8 41. Kg2 Rb5 42. Rxa3 Rxc5 43. Rb3 Kc8 44. b7+ Kb8 45. Kf3 Rf5+ 46. Ke3 Re5+ 47. Kd3 Rd5+ 48. Ke4 Rd2 49. Rf3 Re2+ 50. Kd4 Kxb7 51. Rf7+ Kc6 52. Rxg7 Rxf2 53. h4 Kd6 54. Rg6 h5 55. Ke4 Rf5 56. g4 1/2-1/2

[Event "NOR-chB"]
[Site "Stavanger"]
[Date "2017.07.07"]
[Round "8"]
[White "Hole, Oystein"]
[Black "Esbensen, Arnt"]
[Result "1-0"]
[WhiteElo "2325"]
[BlackElo "2171"]
[PlyCount "97"]
[EventDate "2017.07.01"]
[EventType "swiss"]
[EventRounds "9"]
[EventCountry "NOR"]
[SourceTitle "CBM 179 Extra"]
[Source "ChessBase"]
[SourceDate "2017.08.23"]
[SourceVersion "1"]
[SourceVersionDate "2017.08.23"]
[SourceQuality "1"]

1. Nf3 d5 2. d4 Nf6 3. c4 c6 4. Nc3 g6 5. Bf4 dxc4 6. a4 Bf5 7. e3 Nd5 8. Be5 f6 9. Bxb8 Rxb8 10. Bxc4 Nxc3 11. bxc3 Be4 12. 0-0 Bg7 13. Qe2 Qd7 14. h3 Bd5 15. e4 Bf7 16. e5 Bxc4 17. Qxc4 Qd5 18. Qe2 0-0 19. Rfe1 f5 20. Rab1 e6 21. Rb4 Rf7 22. Reb1 Bf8 23. R4b3 Rc7 24. c4 Qa5 25. c5 Be7 26. Qc4 Kf7 27. Kf1 b6 28. Ne1 Rcb7 29. Nd3 b5 30. axb5 cxb5 31. Qc1 Qc7 32. Qh6 Kg8 33. Nf4 Bf8 34. Qg5 Qf7 35. d5 exd5 36. c6 Be7 37. Qg3 Rc7 38. e6 Qf8 39. Nxd5 Bd6 40. e7 Rxe7 41. Nxe7+ Qxe7 42. Qd3 b4 43. Re1 Qc7 44. Qd5+ Kg7 45. Rd3 Rd8 46. Re6 b3 47. Rxd6 b2 48. Rxd8 b1Q+ 49. Rd1 1-0

[Event "NOR-chB"]
[Site "Stavanger"]
[Date "2017.07.03"]
[Round "4"]
[White "Esbensen, Arnt"]
[Black "Kovachev, Daniel Jakobsen"]
[Result "1-0"]
[WhiteElo "2171"]
[BlackElo "2308"]
[PlyCount "77"]
[EventDate "2017.07.01"]
[EventType "swiss"]
[EventRounds "9"]
[EventCountry "NOR"]
[SourceTitle "CBM 179 Extra"]
[Source "ChessBase"]
[SourceDate "2017.08.23"]
[SourceVersion "1"]
[SourceVersionDate "2017.08.23"]
[SourceQuality "1"]

1. d4 Nf6 2. c4 e6 3. g3 d5 4. Bg2 Bb4+ 5. Bd2 Be7 6. Nf3 0-0 7. 0-0 Nbd7 8. Bf4 Ne4 9. Nbd2 g5 10. Be3 Nd6 11. Qb3 c6 12. h4 gxh4 13. Bh6 Re8 14. g4 f5 15. Bh3 fxg4 16. Bxg4 Nf6 17. Bh3 Nf5 18. Bf4 Nh5 19. Be5 Bf6 20. Kh1 b6 21. Rg1+ Nhg7 22. e4 dxe4 23. Nxe4 Bxe5 24. dxe5 Kh8 25. Rad1 Qe7 26. Nd6 Rf8 27. Qd3 Rb8 28. Nd4 Bb7 29. N4xf5 Nxf5 30. c5 bxc5 31. Bxf5 exf5 32. f4 Qe6 33. Qc3 Ba6 34. b3 Rb4 35. Nf7+ Qxf7 36. e6+ Qf6 37. Qxf6+ Rxf6 38. Rd8+ Rf8 39. Rxf8# 1-0

[Event "NOR-ch Mester"]
[Site "Stavanger"]
[Date "2017.07.03"]
[Round "3"]
[White "Gulbrandsen, Tor"]
[Black "Esbensen, Arnt"]
[Result "0-1"]
[WhiteElo "2042"]
[BlackElo "2171"]
[PlyCount "70"]
[EventDate "2017.07.01"]
[EventType "swiss"]
[EventRounds "9"]
[EventCountry "NOR"]
[SourceTitle "EXT 2018"]
[Source "ChessBase"]
[SourceDate "2017.10.13"]
[SourceVersion "1"]
[SourceVersionDate "2017.10.13"]
[SourceQuality "1"]

1. c4 c5 2. g3 e6 3. Bg2 d5 4. Nf3 d4 5. 0-0 Nc6 6. d3 Nf6 7. Na3 Be7 8. Nc2 0-0 9. Bd2 e5 10. a3 e4 11. dxe4 Nxe4 12. Bc1 Bf5 13. Nd2 Nd6 14. b4 d3 15. Ne3 cxb4 16. Bb2 bxa3 17. Bxa3 Bg6 18. Nf3 dxe2 19. Qxe2 Re8 20. Rfd1 Qb8 21. Nh4 Bf8 22. Nxg6 hxg6 23. Rab1 Ne4 24. Bxf8 Kxf8 25. Qc2 Qe5 26. Rxb7 Rac8 27. Rdd7 Nd6 28. Rbc7 Nd4 29. Qd1 Rxc7 30. Rxc7 N6f5 31. Nd5 Ne2+ 32. Kh1 Nc3 33. Qa1 Qe1+ 34. Qxe1 Rxe1+ 35. Bf1 Nxd5 0-1

[Event "Oslo ASKO op"]
[Site "Oslo"]
[Date "2006.11.26"]
[Round "5"]
[White "Vagle, Raymond"]
[Black "Esbensen, Arnt"]
[Result "1-0"]
[WhiteElo "1881"]
[BlackElo "2153"]
[PlyCount "69"]
[EventDate "2006.11.24"]
[EventType "swiss"]
[EventRounds "5"]
[EventCountry "NOR"]
[SourceTitle "EXT 2008"]
[Source "ChessBase"]
[SourceDate "2007.11.25"]
[SourceVersion "1"]
[SourceVersionDate "2007.11.25"]
[SourceQuality "1"]

1. e4 d6 2. d4 Nf6 3. Nc3 g6 4. Nf3 Bg7 5. Be2 c6 6. h3 0-0 7. Be3 Qc7 8. 0-0 Nbd7 9. Qd2 e5 10. dxe5 dxe5 11. a4 a5 12. Rad1 Re8 13. Bc4 Nb6 14. Bb3 Be6 15. Bxe6 Rxe6 16. Qe2 Bf8 17. Ng5 Ree8 18. f4 Nfd7 19. f5 Re7 20. Qf2 Nc4 21. fxg6 fxg6 22. Ne6 Qc8 23. Bg5 Rg7 24. Kh1 Qe8 25. Nc7 Qc8 26. Nxa8 Bc5 27. Qf3 Nxb2 28. Bh6 Nxd1 29. Nxd1 Re7 30. Bg5 Rg7 31. Bh6 Re7 32. Nc7 Kh8 33. Ne6 Rxe6 34. Qf7 Bf8 35. Qxd7 1-0

[Event "Tromsoe Midnight Sun"]
[Site "Tromsoe"]
[Date "2006.07.02"]
[Round "9"]
[White "Esbensen, Arnt"]
[Black "Pedersen, Oyvind"]
[Result "1-0"]
[WhiteElo "2244"]
[BlackElo "2098"]
[PlyCount "47"]
[EventDate "2006.06.24"]
[EventType "swiss"]
[EventRounds "9"]
[EventCountry "NOR"]
[SourceTitle "CBM 112 Extra"]
[Source "ChessBase"]
[SourceDate "2006.07.14"]
[SourceVersion "1"]
[SourceVersionDate "2006.07.14"]
[SourceQuality "1"]

1. d4 Nf6 2. c4 c5 3. d5 b5 4. e3 g6 5. cxb5 a6 6. Nc3 Bg7 7. Nf3 d6 8. bxa6 0-0 9. Be2 Bxa6 10. 0-0 Qb6 11. e4 Nbd7 12. h3 Rfb8 13. Re1 Ne8 14. Nd2 Qb4 15. a3 Qd4 16. Bxa6 Rxa6 17. Qe2 Rab6 18. Nc4 Ra6 19. Ne5 Nxe5 20. Qxa6 Nd3 21. Be3 Qf6 22. Qxd3 Rxb2 23. Nb5 Bh6 24. a4 1-0

[Event "Tromsoe Midnight Sun"]
[Site "Tromsoe"]
[Date "2006.06.30"]
[Round "7"]
[White "Esbensen, Arnt"]
[Black "Pettersson, Tobias"]
[Result "1/2-1/2"]
[WhiteElo "2244"]
[BlackElo "2071"]
[PlyCount "108"]
[EventDate "2006.06.24"]
[EventType "swiss"]
[EventRounds "9"]
[EventCountry "NOR"]
[SourceTitle "CBM 112 Extra"]
[Source "ChessBase"]
[SourceDate "2006.07.14"]
[SourceVersion "1"]
[SourceVersionDate "2006.07.14"]
[SourceQuality "1"]

1. d4 d6 2. Nf3 g6 3. c4 Bg7 4. Nc3 Nf6 5. Bf4 0-0 6. e3 c5 7. d5 Na6 8. Bd3 Nc7 9. e4 a6 10. a4 Bg4 11. h3 Bxf3 12. Qxf3 b5 13. cxb5 axb5 14. Bxb5 Nxb5 15. Nxb5 Qa5+ 16. Nc3 Rfb8 17. Ra2 Nxd5 18. 0-0 Nxf4 19. Qxf4 Bxc3 20. bxc3 Qxc3 21. Qg5 Qc4 22. Raa1 Rb7 23. e5 Rxa4 24. exd6 exd6 25. Qd8+ Kg7 26. Qxd6 Qd4 27. Qxd4+ Rxd4 28. Rfc1 Rc7 29. Ra6 h5 30. Ra5 c4 31. Kf1 c3 32. Rc2 Re7 33. g3 Rc4 34. Ra3 Rec7 35. Ke2 R4c6 36. Kd3 Rd6+ 37. Ke2 Re6+ 38. Kf1 Rec6 39. Ke2 h4 40. Kd3 hxg3 41. fxg3 Rd7+ 42. Ke2 Re7+ 43. Kf2 Rec7 44. Ke2 Kf6 45. Ke3 Ke5 46. Kd3 Kd5 47. Ra5+ Rc5 48. Rxc3 Rxa5 49. Rxc7 Ra3+ 50. Ke2 Rxg3 51. Rxf7 Rxh3 52. Re7 Rh5 53. Kf3 Kd6 54. Re1 Re5 1/2-1/2

[Event "Tromsoe Midnight Sun"]
[Site "Tromsoe"]
[Date "2006.06.29"]
[Round "6"]
[White "Wolferink, Frans"]
[Black "Esbensen, Arnt"]
[Result "0-1"]
[WhiteElo "2129"]
[BlackElo "2244"]
[PlyCount "146"]
[EventDate "2006.06.24"]
[EventType "swiss"]
[EventRounds "9"]
[EventCountry "NOR"]
[SourceTitle "CBM 112 Extra"]
[Source "ChessBase"]
[SourceDate "2006.07.14"]
[SourceVersion "1"]
[SourceVersionDate "2006.07.14"]
[SourceQuality "1"]

1. e4 d6 2. d4 Nf6 3. Nc3 g6 4. f4 Bg7 5. e5 dxe5 6. dxe5 Qxd1+ 7. Kxd1 Nfd7 8. Nd5 Kd8 9. Bc4 f6 10. Nf3 c6 11. Ne3 Kc7 12. Bd2 b5 13. Ba5+ Kb7 14. Bb3 Nc5 15. Ke2 Nxb3 16. axb3 Nd7 17. Bc3 Rf8 18. b4 fxe5 19. fxe5 Nb6 20. Ng5 Nd5 21. Nxd5 Bg4+ 22. Ke3 Bh6 23. h4 cxd5 24. Rhf1 Bf5 25. Rf2 Rfc8 26. Rd1 e6 27. Rd4 Rc7 28. g4 Be4 29. Kd2 Re7 30. Kd1 Bxg5 31. hxg5 Rc8 32. Rdd2 Rc4 33. Bd4 Bxc2+ 34. Ke1 Bb3 35. Rf6 Rxb4 36. Bc5 Re4+ 37. Re2 Rxe2+ 38. Kxe2 Rc7 39. Bd4 Re7 40. Bc5 Rc7 41. Bd4 Rc2+ 42. Ke3 Bc4 43. Rxe6 Re2+ 44. Kf3 Re4 45. Re7+ Kc6 46. Bxa7 Be2+ 47. Kg3 d4 48. Kf2 Bxg4 49. Rxh7 Kd5 50. Rh8 Kxe5 51. Re8+ Be6 52. Kf3 Rf4+ 53. Ke2 Rg4 54. Kf3 Rxg5 55. Bxd4+ Kxd4 56. Rxe6 b4 57. Rc6 Rf5+ 58. Ke2 g5 59. Rc8 Rc5 60. Rd8+ Kc4 61. Rd2 Kb3 62. Kd1 Ka2 63. Rd4 b3 64. Rb4 Kxb2 65. Rb7 Rd5+ 66. Ke2 Kc2 67. Rc7+ Kb1 68. Rb7 b2 69. Ra7 Kc2 70. Rc7+ Kb3 71. Rb7+ Kc3 72. Ke3 Rd3+ 73. Ke2 Rd4 0-1

[Event "Tromsoe Midnight Sun"]
[Site "Tromsoe"]
[Date "2006.06.26"]
[Round "3"]
[White "Esbensen, Arnt"]
[Black "Johannessen, Leif Erlend"]
[Result "0-1"]
[WhiteElo "2244"]
[BlackElo "2559"]
[PlyCount "94"]
[EventDate "2006.06.24"]
[EventType "swiss"]
[EventRounds "9"]
[EventCountry "NOR"]
[SourceTitle "CBM 112 Extra"]
[Source "ChessBase"]
[SourceDate "2006.07.14"]
[SourceVersion "1"]
[SourceVersionDate "2006.07.14"]
[SourceQuality "1"]

1. d4 Nf6 2. c4 e6 3. g3 c5 4. d5 exd5 5. cxd5 d6 6. Nc3 g6 7. Bg2 Bg7 8. Nf3 0-0 9. 0-0 a6 10. a4 Re8 11. Re1 Nbd7 12. e4 Ng4 13. Ng5 Nge5 14. f4 h6 15. Nh3 Nc4 16. Bf1 Na5 17. Nf2 Nb6 18. h4 h5 19. Bd3 Bd7 20. Bc2 Nbc4 21. Ra2 b5 22. axb5 axb5 23. Ne2 Nb7 24. Rxa8 Qxa8 25. b3 Na3 26. f5 c4 27. fxg6 fxg6 28. Nf4 Nxc2 29. Qxc2 Qa5 30. Re2 cxb3 31. Qxb3 Nc5 32. Qb1 Qc3 33. Re3 Qa1 34. Qxa1 Bxa1 35. Kg2 b4 36. N2d3 Nxd3 37. Nxd3 Bd4 38. Re2 Bb5 39. Rd2 Bc3 40. Rd1 Rxe4 41. Kf3 Re8 42. Nf4 b3 43. Bd2 Bf6 44. Bc1 Bd7 45. Ne6 b2 46. Bg5 Bc3 47. Ke3 Ba4 0-1

[Event "Vadsosjakken-A"]
[Site "Vadso"]
[Date "2005.08.28"]
[Round "4"]
[White "Djatkinskij, Andrei"]
[Black "Esbensen, Arnt"]
[Result "0-1"]
[WhiteElo "2050"]
[BlackElo "2116"]
[PlyCount "69"]
[EventDate "2005.08.26"]
[EventType "swiss"]
[EventRounds "5"]
[EventCountry "NOR"]
[SourceTitle "EXT 2007"]
[Source "ChessBase"]
[SourceDate "2006.11.23"]
[SourceVersion "1"]
[SourceVersionDate "2006.11.23"]
[SourceQuality "1"]

1. e4 d6 2. d4 Nf6 3. Nc3 g6 4. Nf3 Bg7 5. Bc4 0-0 6. 0-0 Nxe4 7. Nxe4 d5 8. Bd3 dxe4 9. Bxe4 c5 10. dxc5 Qc7 11. c3 Qxc5 12. Be3 Qc7 13. Qb3 Nc6 14. Rad1 Be6 15. Bd5 Bf5 16. Nd4 Bg4 17. f3 Nxd4 18. Bxd4 Bf5 19. Rf2 Bxd4 20. Rxd4 Rab8 21. Re2 b5 22. f4 Bg4 23. Rf2 a5 24. h3 Bf5 25. Re2 Qc5 26. Kh2 Rbd8 27. Re5 Qc7 28. Qxb5 e6 29. Qb7 Qxb7 30. Bxb7 Rxd4 31. cxd4 Rb8 32. Bf3 Rxb2 33. Rxa5 Rb4 34. d5 Rxf4 35. dxe6 0-1

[Event "Vadsosjakken-A"]
[Site "Vadso"]
[Date "2005.08.27"]
[Round "3"]
[White "Dezhurko, Arkadi"]
[Black "Esbensen, Arnt"]
[Result "1-0"]
[WhiteElo "2120"]
[BlackElo "2116"]
[PlyCount "59"]
[EventDate "2005.08.26"]
[EventType "swiss"]
[EventRounds "5"]
[EventCountry "NOR"]
[SourceTitle "EXT 2007"]
[Source "ChessBase"]
[SourceDate "2006.11.23"]
[SourceVersion "1"]
[SourceVersionDate "2006.11.23"]
[SourceQuality "1"]

1. e4 d6 2. d4 Nf6 3. Bc4 Nxe4 4. Bxf7+ Kxf7 5. Qh5+ g6 6. Qd5+ e6 7. Qxe4 Bg7 8. Nf3 Re8 9. Bg5 Qd7 10. Nc3 Kg8 11. 0-0-0 Nc6 12. h4 e5 13. Qd5+ Kh8 14. h5 Ne7 15. Qf7 Nf5 16. hxg6 Qxf7 17. Rxh7+ Kg8 18. gxf7+ Kxf7 19. Nd5 e4 20. Nxc7 exf3 21. Nxe8 Kg6 22. g4 Kxh7 23. gxf5 Bxf5 24. Nxd6 Kg6 25. Nxf5 Kxf5 26. Be3 Rc8 27. Kd2 Ke4 28. Rg1 Bf6 29. Rg4+ Kd5 30. Kd3 1-0

[Event "NOR-chB"]
[Site "Stavanger"]
[Date "2005.07.07"]
[Round "7"]
[White "Moen, Ole Christian"]
[Black "Esbensen, Arnt"]
[Result "0-1"]
[WhiteElo "2290"]
[BlackElo "2116"]
[PlyCount "126"]
[EventDate "2005.07.01"]
[EventType "swiss"]
[EventRounds "9"]
[EventCountry "NOR"]
[SourceTitle "CBM 107 Extra"]
[Source "ChessBase"]
[SourceDate "2005.09.01"]
[SourceVersion "1"]
[SourceVersionDate "2005.09.01"]
[SourceQuality "1"]

1. e4 d6 2. d4 Nf6 3. Nc3 g6 4. f4 Bg7 5. Nf3 0-0 6. e5 dxe5 7. fxe5 Nd5 8. Ne4 Bf5 9. Ng3 Bg4 10. c3 c5 11. Bc4 Nb6 12. Bb3 Nc6 13. dxc5 Qxd1+ 14. Kxd1 Nd7 15. e6 Nxc5 16. exf7+ Kh8 17. Ke2 Nxb3 18. axb3 Rxf7 19. Ne4 h6 20. Be3 b6 21. Ned2 Rd8 22. Ra4 Bf5 23. Rha1 e5 24. Rh4 Bf6 25. Rxh6+ Kg7 26. Ng5 Bg4+ 27. Ke1 Rd3 28. Rh7+ Kg8 29. Rxf7 Rxe3+ 30. Kf1 Bxg5 31. Rc7 Ne7 32. Raxa7 Kf8 33. Nc4 Re4 34. Ra8+ Kg7 35. Nxb6 Rf4+ 36. Ke1 Re4+ 37. Kf2 Be3+ 38. Kg3 Bxb6 39. Rxe7+ Kf6 40. Rb7 Bg1 41. Ra6+ Be6 42. Rb4 Re3+ 43. Kh4 Bxh2 44. Rg4 Bg1 45. Rxe6+ Kxe6 46. Rxg6+ Kf5 47. Rg8 Bf2+ 48. Kh5 Ke4 49. g4 Rh3+ 50. Kg6 Be3 51. b4 Rh2 52. b3 Rb2 53. Kf6 Rf2+ 54. Ke6 Rb2 55. c4 Rxb3 56. Rb8 Rb1 57. Rb5 Bf4 58. c5 Rc1 59. Kd7 Kd4 60. c6 e4 61. g5 e3 62. g6 e2 63. g7 Rg1 0-1

[Event "NOR-chB"]
[Site "Stavanger"]
[Date "2005.07.03"]
[Round "2"]
[White "Esbensen, Arnt"]
[Black "Lillevold, Frode"]
[Result "1-0"]
[WhiteElo "2116"]
[BlackElo "2110"]
[PlyCount "67"]
[EventDate "2005.07.01"]
[EventType "swiss"]
[EventRounds "9"]
[EventCountry "NOR"]
[SourceTitle "CBM 107 Extra"]
[Source "ChessBase"]
[SourceDate "2005.09.01"]
[SourceVersion "1"]
[SourceVersionDate "2005.09.01"]
[SourceQuality "1"]

1. d4 d5 2. c4 e6 3. Nf3 Nf6 4. g3 Be7 5. Bg2 0-0 6. 0-0 dxc4 7. Qc2 a6 8. Qxc4 b5 9. Qc2 Bb7 10. Bd2 Nbd7 11. Ba5 Rc8 12. Nbd2 Qe8 13. b4 Bd6 14. Rac1 Qe7 15. a3 Rfe8 16. Rfe1 e5 17. Nxe5 Bxg2 18. Nxd7 Bh3 19. Nxf6+ gxf6 20. Qc6 f5 21. e4 f6 22. f4 Bxf4 23. gxf4 Qg7+ 24. Kf2 Qg2+ 25. Ke3 Qxh2 26. Rg1+ Bg4 27. Rxg4+ fxg4 28. Qxf6 Qg3+ 29. Ke2 Rxe4+ 30. Nxe4 Re8 31. Qg5+ Kh8 32. Qf5 Qf3+ 33. Kd2 Rxe4 34. Qf8# 1-0

[Event "NOR-chB"]
[Site "Stavanger"]
[Date "2005.07.02"]
[Round "1"]
[White "Kvisvik, Brede Alexander"]
[Black "Esbensen, Arnt"]
[Result "1-0"]
[WhiteElo "1933"]
[BlackElo "2116"]
[PlyCount "128"]
[EventDate "2005.07.01"]
[EventType "swiss"]
[EventRounds "9"]
[EventCountry "NOR"]
[SourceTitle "CBM 107 Extra"]
[Source "ChessBase"]
[SourceDate "2005.09.01"]
[SourceVersion "1"]
[SourceVersionDate "2005.09.01"]
[SourceQuality "1"]

1. e4 d6 2. d4 Nf6 3. Nc3 g6 4. g3 Bg7 5. Bg2 0-0 6. h3 Nbd7 7. Be3 e5 8. Nge2 c6 9. a4 a5 10. Qd2 Qe7 11. 0-0-0 exd4 12. Bxd4 Nc5 13. f3 Ne8 14. f4 f5 15. exf5 gxf5 16. g4 d5 17. gxf5 Bxf5 18. Rhg1 Ne6 19. Bxg7 N8xg7 20. Rde1 Qf6 21. Ng3 Kh8 22. Nce2 Nc5 23. Qd4 Nce6 24. Qb6 Rf7 25. Rgf1 Qg6 26. Nxf5 Nxf5 27. Bf3 Qf6 28. Bg4 Nd6 29. Bxe6 Qxe6 30. Ng3 Qg6 31. Qd4+ Qf6 32. Re5 Re8 33. Rfe1 Rxe5 34. fxe5 Qg5+ 35. Kb1 c5 36. Qxd5 Qxg3 37. Rd1 Rf5 38. Qxd6 Qxe5 39. Qd8+ Kg7 40. Rg1+ Kh6 41. Qxa5 Qd5 42. Qc7 Qf7 43. Qd6+ Kh5 44. Qd1+ Kh6 45. Qd2+ Kh5 46. Qg2 Kh6 47. Rd1 Qe7 48. h4 Re5 49. Qg4 b6 50. b3 Qe6 51. Qf4+ Kh5 52. Qf3+ Kh6 53. Qf8+ Kh5 54. Rd6 Re1+ 55. Ka2 Rf1 56. Rxe6 Rxf8 57. Rxb6 Kg4 58. Rh6 Rf7 59. Kb2 Kf3 60. h5 Ke4 61. a5 Kd5 62. c4+ Ke4 63. Rd6 Rf2+ 64. Ka3 Rf1 1-0